000 00367 a2200145 4500
082 _a546
090 _c544
_d544
100 _aZafar Iqbal
245 _aTextbook of inorganic chemistry
_cZafar Iqbal
260 _aLahore :
_bMarkazi Kutub Khana
_c2004
300 _aix, 570 p. :
_bill. ;
_c23 cm.
500 _aIncludes Index
650 _aChemistry
942 _cBK
_k546 ZAF
999 _c4527
_d4527